Online
Catalog

Discurso del gran inquisidor / (Record no. 55151)

MARC details
000 -CABECERA
campo de control de longitud fija 02029cam a2200337 i 4500
003 - IDENTIFICADOR DEL NÚMERO DE CONTROL
campo de control DO-SdBNP
005 - FECHA Y HORA DE LA ÚLTIMA TRANSACCIÓN
campo de control 20260223063022.0
007 - CAMPO FIJO DE DESCRIPCIÓN FÍSICA--INFORMACIÓN GENERAL
campo de control de longitud fija ta
008 - DATOS DE LONGITUD FIJA--INFORMACIÓN GENERAL
campo de control de longitud fija 751003s2018 sp 000 f spa d
020 ## - NÚMERO INTERNACIONAL ESTÁNDAR DEL LIBRO
Número Internacional Estándar del Libro 9788416601684
040 ## - FUENTE DE LA CATALOGACIÓN
Centro catalogador/agencia de origen DO-SdBNP
Lengua de catalogación spa
Centro/agencia transcriptor BNPHU
Normas de descripción rda
041 ## - CÓDIGO DE LENGUA
Código de lengua del texto/banda sonora o título independiente spa
082 #4 - NÚMERO DE LA CLASIFICACIÓN DECIMAL DEWEY
Número de clasificación 821.161
Número de documento/Ítem D724
Número de edición 22
100 1# - ENTRADA PRINCIPAL--NOMBRE DE PERSONA
Nombre de persona Dostoievski, Fiórdor,
Fechas asociadas al nombre 1821-1881
Término indicativo de función/relación autor
Código de función/relación aut.
9 (RLIN) 84452
245 10 - MENCIÓN DE TÍTULO
Título Discurso del gran inquisidor /
Mención de responsabilidad, etc. Fiórdor Dostoievski ; introducción, Antonio Lozano ; comentarios al texto, George Steiner, Aldous Huxley, Noam Chomsky
264 #1 - PRODUCCIÓN, PUBLICACIÓN, DISTRIBUCIÓN, FABRICACIÓN Y COPYRIGHT
Producción, publicación, distribución, fabricación y copyright Barcelona, España :
Nombre del de productor, editor, distribuidor, fabricante Arpa ideas,
Fecha de producción, publicación, distribución, fabricación o copyright 2018.
300 ## - DESCRIPCIÓN FÍSICA
Extensión 118 páginas ;
Dimensiones 22 cm.
336 ## - TIPO DE CONTENIDO
Término de tipo de contenido texto
Código de tipo de contenido txt
Fuente rdacontent
337 ## - TIPO DE MEDIO
Nombre/término del tipo de medio sin mediación
Código del tipo de medio n
Fuente rdamedia
338 ## - TIPO DE SOPORTE
Nombre/término del tipo de soporte volumen
Código del tipo de soporte nc
Fuente rdacarrier
490 1# - MENCIÓN DE SERIE
Mención de serie Arpa ideas
Designación de volumen o secuencia 42
500 ## - NOTA GENERAL
Nota general Incluye datos biográficos del autor en la solapa de la cubierta.
520 ## - SUMARIO, ETC.
Sumario, etc. El discurso del gran inquisidor ocupa un lugar central en la arquitectura de la obra y el pensamiento de Fiódor Dostoievski, análogo al que ocupa El rey Lear en el universo de Shekespeare. El propósito y la fuerza poética de este texto son de tan múltiple riqueza y complejidad que puede interpretarse desde tantos puntos de vista diferentes como lectores tenga.<br/>En este memorable capítulo de Los hermanos Karamázov, que puede leerse con una obra filosófica completa en sí misma, Iván y Aliosha dialogan sobre la fe en Dios y la figura de Cristo, la libertad y la esclavitud del hombre, la compasión y la muerte.<br/>La presente edición se enmarca con una introducción de Antonio Lozano, la célebre interpretación de George Steiner en Tolstói o Dostoievski y comentarios al texto de Noam Chomsky y de Aldous Huzley. <br/>
590 ## - NOTA LOCAL (RLIN)
Nota local Inventariado, 2023/ YL
700 1# - PUNTO DE ACCESO ADICIONAL--NOMBRE DE PERSONA
Nombre de persona Lozano, Antonio,
Término indicativo de función/relación introducción
9 (RLIN) 84436
700 1# - PUNTO DE ACCESO ADICIONAL--NOMBRE DE PERSONA
Nombre de persona Steiner, George,
Término indicativo de función/relación comentarios
9 (RLIN) 26088
700 1# - PUNTO DE ACCESO ADICIONAL--NOMBRE DE PERSONA
Nombre de persona Huxley, Aldous,
Término indicativo de función/relación comentarios
9 (RLIN) 84453
700 1# - PUNTO DE ACCESO ADICIONAL--NOMBRE DE PERSONA
Nombre de persona Chomsky, Noam,
Término indicativo de función/relación comentarios
9 (RLIN) 44916
910 ## - DATOS DE OPCIÓN DEL USUARIO (OCLC)
Datos de opción del usuario Ylockward
942 ## - ELEMENTOS DE PUNTO DE ACCESO ADICIONAL (KOHA)
Fuente del sistema de clasificación o colocación Dewey Decimal Classification
Tipo de ítem Koha Libro
Holdings
Estado de retiro Estado de pérdida Fuente del sistema de clasificación o colocación Restricciones de uso No para préstamo Código de colección Localización permanente Ubicación/localización actual Ubicación en estantería Fecha de adquisición Fuente de adquisición Total de préstamos Signatura topográfica completa Código de barras Fecha visto por última vez Precio válido a partir de Tipo de ítem Koha
    Dewey Decimal Classification Préstamo en sala   General Biblioteca Nacional Pedro Henríquez Ureña Biblioteca Nacional Pedro Henríquez Ureña En catalogación 02.02.2019 Librería Cuesta   BNPHU GR 821.161 D724 2023-6863 11.10.2023 11.10.2023 Libro

Powered by Koha